000 00491nam a22001817a 4500
003 CEME
005 20210628205734.0
008 210316b xxu||||| |||| 00| 0 eng d
020 _a87762-429-1
040 _c.
082 _a628.922 FLA
100 _aHilado, Carols.J
_976889
245 _aFlammability of cellular plastics fire and flammability series
260 _aLANCASTER
_bTECHNOMIC
_c1985
300 _a289P
650 _aCELLULAR PLASTICS-FLAMMABILITY
_976890
942 _cBK
_2ddc
999 _c582199
_d582199